| 000 | 01205cab a22002175a 4500 | ||
|---|---|---|---|
| 001 | L152825 | ||
| 008 | 110504e20110421xxk 000 0 eng d | ||
| 035 | _a(Sirsi) u152825 | ||
| 041 | 0 | _aeng | |
| 100 | 1 | _aHatcher, David | |
| 245 | 0 | 0 |
_aMarkets _bports, airports and rail freight |
| 260 | _c2011 | ||
| 490 |
_aProperty Week _v77(16), 21 April 2011, 41-46(4) |
||
| 520 | _aArcus Infrastructure Partners £586.7m takeover of Forth Ports is to complete in May 2011. Tesco signals its unwillingness to pay more for distribution shed sites with sustainability features such as rail freight terminals. The larger UK airports seem to be recovering from the recession and attractive growth prospects are set to return. Air freight traffic at Heathrow has increased by 15% year on year with up to 1.47 m tonnes of freight going in and out of the airport in 2010. Prime rents at Heathrow are now £24/sq ft within the perimeter and £12 sq ft just outside. | ||
| 590 | _aKA | ||
| 651 | 4 |
_aUnited Kingdom _y |
|
| 690 | _aPROPERTY-COMMERCIAL PROPERTY-COMMERCIAL PROPERTY MARKET | ||
| 690 | _aPROPERTY-COMMERCIAL PROPERTY-COMMERCIAL PROPERTY FINANCE AND INVESTMENT | ||
| 700 | 1 | _aSmith, Nick | |
| 942 | _n0 | ||
| 999 |
_c83106 _d83106 |
||